Statistiques concernant Ligue des Champions-Première Édition

Cliquez ici pour prendre le quiz!

Statistiques générales

  • Ce quiz a été pris 36 fois
  • Le résultat moyen est 3 sur 14

Statistiques - réponses

IndiceRéponse% Correct
EspagneReal Madrid CF
94%
Portugal
Sporting Portugal
61%
ItalieAC Milan
52%
HongrieBudapest Voros Lobogo SE
24%
PologneGwardia Varsovie
21%
AutricheRapid Vienne
15%
SuisseServette FC
12%
YougoslaviePartizan Belgrade
9%
SarreFC Sarrebruck
6%
BelgiqueRSC Anderlecht
6%
DanemarkAGF Aarhus
3%
SuèdeDjurgardens IF
3%
ÉcosseHibernian FC
3%
Allemagne de l'OuestRot-Weiss Essen
3%

Distribution des résultats

Percentile par nombre de réponses

% des personnes avec chaque résultat

Votre développement - résultats

Vous n’avez pas pris ce quiz